Artificial neural networks

Αποθηκεύτηκε σε:
Λεπτομέρειες βιβλιογραφικής εγγραφής
Κύριος συγγραφέας: Schalkoff, Robert J.
Μορφή: Βιβλίο
Γλώσσα:English
Δημοσίευση: New York : McGraw-Hill, c1997
Σειρά:McGraw-Hiil series in computer science. Artificial intelligence
Θέματα:
Ετικέτες: Προσθήκη ετικέτας
Δεν υπάρχουν, Καταχωρήστε ετικέτα πρώτοι!

MARC

LEADER 00000nam a2200000 i 4500
001 1/16413
008 010129s1997 eng d
020 |a 0-07-057118-X 
035 |l 10065764 
040 |a GR-MY-UA  |b gre  |e aacr 
041 0 |a eng 
082 0 |a 006.32 
100 1 |a Schalkoff, Robert J. 
245 1 0 |a Artificial neural networks /  |c Robert J. Schalkoff 
260 |a New York :   |b McGraw-Hill,   |c c1997 
300 |a xxi, 422 p.;  |b ill.;  |c 25 cm. 
490 1 |a McGraw-Hiil series in computer science. Artificial intelligence 
504 |a Includes bibliographical references and index 
650 0 0 |a Neural networks (Computer science) 
830 0 |a McGraw-Hiil series in computer science. Artificial intelligence 
852 |a INST  |b SAMOS  |e 20010129  |h 006.32 SCH  |p 005300022110  |q 005300022110  |t BK  |y 0 
901 |a BIBL3-2001-1 
909 |a Σ  |b 084278 
922 |a 3ΕΛΗ  |b 200012  |c ΚΠΣ  |d ΜΙΧΑΛΟΠΟΥΛΟΣ 
950 |a 116-1999-12-29 
970 |a ΠΟΥΡΝΑΡΑΣ  |b ΔΗΜΗΤΡΗΣ  |z 2001/02/01